| 000 | 00867nam a22002177a 4500 | ||
|---|---|---|---|
| 003 | dpl | ||
| 005 | 20240221163950.0 | ||
| 008 | 240220b |||||||| |||| 00| 0 eng d | ||
| 010 | _aHIN-126925 | ||
| 020 |
_a9789394928176 _c1000.00 |
||
| 035 | _aHN-99271 | ||
| 037 | _bDBAD/PUB | ||
| 040 | _c0 | ||
| 082 | _a158.1 | ||
| 100 |
_aश्रीचंदानी सुरेश कुमार _962287 |
||
| 245 |
_a आत्मानुशासन अभ्यास/ _c सुरेश कुमार श्रीचंदानी |
||
| 260 |
_aअजमेर _bपदमकांता प्रकाशन _c2021 |
||
| 270 |
_aएस -5, सरदार पटेल मार्ग , _bजयपुर _e302001 |
||
| 300 |
_a105पृष्ठ; _c22cm (अजिल्द) |
||
| 942 |
_2ddc _cHN _h158.1 _mश्रीचंदा |
||
| 999 |
_c200928 _d200928 |
||